Kutadgu Bilig/ (Record no. 14004)

MARC details
000 -BAŞLIK
Sabit Uzunlukta Kontrol Alanı 00648nam a22002297a 4500
999 ## - SİSTEM KONTROL NUMARALARI (KOHA)
Koha Biblionumber 14004
Koha Biblioitemnumber 14004
001 - KONTROL NUMARASI
Denetim Alanı 16533
003 - KONTROL NUMARASI IDENTIFIER
Denetim Alanı MIRAKIL
005 - SON İŞLEM TARİHİ VE ZAMANI
Denetim Alanı 20200827171529.0
008 - SABİT-BOY VERİ ELEMANLARI - GENEL BİLGİLER
Sabit Uzunlukta Kontrol Alanı 200827b tu ||||| |||| 00| 0 tur d
020 ## - ULUSLARARASI STANDART KİTAP NUMARASI
Uluslararası Standart Kitap Numarası 9751603978
040 ## - KATALOGLAMA KAYNAK
Orijinal Kataloglama Ajansı TR-AnCHP
Kataloglama Dili tur
Metne Dönüştürmek Ajansı TR-AnCHP
041 ## - DİL KODU
Metin / Ses Parça Veya Ayrı Başlığın Dil Kodu tur
082 ## - DEWEY ONLU SINIFLANDIRMA NUMARASI
Sınıflandırma Numarası 417.02
Ürün Numarası Y87k 1991
100 ## - ANA GİRİŞ - KİŞİSEL İSİM
Kişisel Ad Yusuf Has Hacib
245 ## - BAŞLIK TABLOSU
Başlık Kutadgu Bilig/
Sorumluluk Tablosu, Vb Yusuf Has Hacib; çeviren Reşit Rahmeti Arat.
260 ## - YAYIN, DAĞITIM, VB
Yayın, Dağıtım, Vb Yeri Ankara:
Yayıncı, Dağıtıcı, Vs Adı Türk Dil Kurumu Yayınları,
Yayın, Dağıtım, Vb Tarihi 1991.
300 ## - FİZİKSEL TANIM
Kapsam 655 s.
Boyutlar 24 sm.
490 ## - SERİSİ TABLOSU
Seri Beyanı Türk Dil Kurumu Yayınları;
Hacim / Ardışık Tanımı 458.
650 ## - KONU KATMA GİRİŞ - TOPİKAL DÖNEM
Topikal Süreli Veya Coğrafi Ad Giriş Elemanı Uygur Dili
Genel Alt Bölümü Metinler
650 ## - KONU KATMA GİRİŞ - TOPİKAL DÖNEM
Topikal Süreli Veya Coğrafi Ad Giriş Elemanı Türk dili
Genel Alt Bölümü Tarih
942 ## - EKLENDİ GİRİŞ ELEMANLARI (KOHA)
Sınıflandırma Veya Raf Düzeni Kaynak Dewey Decimal Classification
Koha Öğesi Türü Books
Holdings
Kalıcı Konum Mevcut Konum Edinme Tarihi Toplam Check-Out'Lar Tam Çağrı Numarası Barkod Tarih Son Görülme İtibaren Geçerli Fiyatlar Sigara Kamu Notu Koha Öğesi Türü Tekdüzen Kaynak Tanımlayıcı
CHP Kütüphanesi CHP Kütüphanesi 08/27/2020   417.02 Y87k 1991 019496 08/27/2020 08/27/2020 Emine Başak Alkan Bağışıdır. Books  
CHP Kütüphanesi CHP Kütüphanesi 08/28/2020   417.02 Y87k 1991 019497 08/28/2020 08/28/2020 Emine Başak Alkan Bağışıdır. Books c.2